000 01171nam a22002177a 4500
999 _c168626
_d168626
005 20191017145720.0
010 _aB-730563
020 _a9789353093501
_c40.00
035 _aB-730563
037 _bडी.बी.ए.डी./ उपहार
082 _a
100 _aमहबूबानी, लविना
245 _aजादुई गुटका /
_cलविना महबूबानी ; रोहित करंदड़ी द्वारा चित्रांकित ; मधुबाला जोशी द्वारा हिन्दी अनुवाद
260 _aनई दिल्ली
_bप्रथम बुक्स
_c2018
270 _a#621, 2nd floor, 5th Main, OMBR Layout, Banaswadi,
_bBengaluru
_e560043
_k+91 80 42052574, 91 11 41042483
300 _a16पृ.
_bसचित्र
_c14x20 सेमी (अजिल्द)
700 _928835
_aकरंदड़ी, रोहित
700 _928836
_aजोशी, मधुबाला
942 _2ddc
_cCH
_h
_mमहबू